Variacionnyje zadači gazovoj dinamiki /

Enregistré dans:
Détails bibliographiques
Auteur principal: Krajko, Aleksandr N (Auteur)
Format: Livre
Langue:russe
Publié: Moskva : Nauka, 1979
Sujets:
Tags: Ajouter un tag
Pas de tags, Soyez le premier à ajouter un tag!

MARC

LEADER 00000nam a22000003a 4500
001 stu38107
005 20150617225728.8
008 920915s1979----xxr-----------------rus-d
040 |a STU  |b slo 
041 0 |a rus 
044 |a xxr 
100 1 |a Krajko, Aleksandr N  |4 aut 
245 1 |a Variacionnyje zadači gazovoj dinamiki /  |c [aut.]Aleksandr N. Krajko 
260 |a Moskva :  |b Nauka,  |c 1979 
300 |a 447 s 
650 7 |a Dynamika plynov  |2 stusub 
996 |b 284M055285  |c M*7222-1  |l MMKN  |s A  |a 24  |w stu38107_0001